Statistics for Alla Sveriges städer med 10t+ invånare med en karta (extrem)

Click here to take the quiz!

General Stats

  • This quiz has been taken 734 times
  • The average score is 58 of 125

Answers on the Map

Answers color-coded by a green-red scale on the quiz's map according to % correct below.
 

Answer Stats

BefolkningStad% Correct
1 758 893Stockholm
100%
651 014Göteborg
98%
321 845Malmö
97%
90 812Umeå
95%
117 898Linköping
92%
166 049Uppsala
92%
100 299Jönköping
91%
48 749Luleå
91%
97 979Norrköping
90%
94 006Lund
88%
125 817Örebro
88%
112 496Helsingborg
86%
41 110Kalmar
86%
24 693Visby
86%
68 558Karlstad
84%
127 799Västerås
83%
17 642Kiruna
82%
77 699Gävle
81%
80 901Borås
80%
70 480Halmstad
80%
58 955Sundsvall
80%
75 068Södertälje
79%
70 489Växjö
79%
53 996Östersund
78%
23 417Piteå
73%
40 663Falun
71%
19 904Ystad
71%
75 902Eskilstuna
70%
37 166Karlskrona
70%
36 142Skellefteå
70%
41 300Kristianstad
67%
45 129Borlänge
65%
12 858Mora
65%
30 668Trelleborg
63%
50 300Trollhättan
63%
33 546Nyköping
61%
18 804Köping
60%
35 782Varberg
60%
33 436Örnsköldsvik
59%
18 785Oskarshamn
59%
21 615Norrtälje
58%
27 813Falkenberg
57%
18 679Boden
56%
27 675Lidköping
56%
36 121Uddevalla
55%
39 210Skövde
54%
21 441Västervik
53%
20 388Karlshamn
51%
24 493Enköping
49%
10 638Gällivare
49%
44 232Lidingö
48%
31 400Motala
48%
15 066Nynäshamn
48%
33 308Landskrona
46%
16 569Hudiksvall
45%
23 747Kungsbacka
43%
18 624Härnösand
42%
27 881Karlskoga
42%
13 000Ronneby
41%
25 560Sandviken
41%
17 914Falköping
40%
11 664Skara
40%
16 611Mariestad
39%
24 095Vänersborg
39%
27 501Alingsås
38%
10 932Arboga
38%
12 326Söderhamn
38%
10 486Timrå
38%
19 741Värnamo
38%
14 540Arvika
37%
24 467Katrineholm
37%
18 730Kristinehamn
37%
29 027Ängelholm
36%
13 932Bollnäs
36%
13 914Mjölby
36%
16 399Avesta
35%
19 540Hässleholm
35%
18 417Nässjö
35%
13 605Sala
35%
26 193Kungälv
34%
15 753Ludvika
34%
17 161Kumla
33%
14 372Strängnäs
33%
11 443Ulricehamn
33%
13 743Vetlanda
33%
19 698Eslöv
32%
16 094Ljungby
31%
29 433Märsta
31%
10 756Eksjö
30%
12 680Höör
30%
13 532Nybro
30%
10 341Åhus
29%
11 627Oxelösund
29%
42 628Tumba
29%
28 282Lerum
25%
13 840Stenungsund
24%
14 839Tranås
24%
15 318Bålsta
23%
16 124Staffanstorp
23%
15 795Höganäs
22%
36 275Åkersberga
21%
10 714Älmhult
21%
33 331Vallentuna
21%
11 909Fagersta
20%
11 383Hallstahammar
20%
13 654Lomma
20%
10 404Gislaved
19%
18 339Mölnlycke
17%
23 972Gustavsberg
16%
15 373Kinna
16%
13 402Finspång
15%
12 446Onsala
15%
12 341Ekerö
14%
13 302Oxie
14%
12 618Svedala
14%
22 923Torslanda
14%
18 975Västerhaninge
14%
11 279Bjuv
13%
15 618Höllviken - Ljunghusen
12%
12 057Kungsängen
12%
14 447Skoghall
10%
10 538Åstorp
9%
11 723Jordbro
8%
14 437Bunkeflostrand
7%
11 467Nödinge-Nol
4%

Score Distribution

Percentile by Number Answered

Percent of People with Each Score

Your Score History

You have not taken this quiz